<The> Journal of entrepreneurship

Saved in:
Bibliographic Details
Format: Serial
Language:English
Published: New Delhi SAGE Publ. India Pvt. 2000
Subjects:
Tags: Add Tag
No Tags, Be the first to tag this record!

MARC

LEADER 00000nas2a2200000 4500
001 s124729
005 20231103122537.2
022 |a 0971-3557 
041 0 |a eng 
044 |a IN 
245 1 0 |a <The> Journal of entrepreneurship 
264 1 |a New Delhi  |b SAGE Publ. India Pvt.  |c 2000 
300 |a 1 zv. 
773 0 |w eu_un_cat*s120129 
610 2 0 |a podnikanie 
610 2 0 |a podnik malý 
610 2 0 |a manažment 
610 2 0 |a stratégia podniková